000 01372nam a22003251i 4500
001 12771
003 ES-MaACL
005 20250831091926.0
007 t|
008 910620s1986 sp b |||| | spa j
020 _a84-85691-31-8
080 _a930.255(464.1 M.)Fundación Pablo Iglesias
080 _a930.255(464.1 M.)Rosal Díaz, Amaro
080 _a016:331.88(46)U.G.T.(093)
110 2 _aFundación Pablo Iglesias
_94374
245 1 0 _aCatálogo de los archivos donados por Amaro del Rosal Díaz /
_celaborado por Beatriz García Paz, Carmen Motilva Martí ; bajo la dirección y supervisión de Aurelio Martín Nájera, Antonio González Quintana ; Ministerio de Cultura, Dirección General de Bellas Artes y Archivos, Dirección de Archivos Estatales.
250 _a1ª ed.
260 _aMadrid :
_bPablo Iglesias,
_c1986.
300 _aXXIV, 328 p. ;
_c25 cm.
500 _aÍndice.
600 1 4 _aRosal, Amaro del-
_xArchivo.
_999633
610 2 4 _aFundación Pablo Iglesias.
_bArchivo y Biblioteca-
_vCatálogos
_94376
610 2 _aUGT-
_vHistoria-
_vFuentes-
_vBibliografías.
_97031
700 1 _aGarcía Paz, Beatriz.
_955087
700 1 _aMotilva Martí, Carmen.
_983827
700 1 _aRosal, Amaro del.
_999632
710 1 _aEspaña.
_bDirección de Archivos Estatales.
_93693
852 _aES-MaACL
_jL-20002
999 _c12771
_d12771